000
00329nam a2200133Ia 4500
003
GCL
008
140319s9999 xx 000 0 ara d
040
_a
GCL /
_c
GCL
082
0
4
_a
811.9
_b
ى ر
245
1
0
_a
رغبات قوية كاسناننا
260
_a
[S.N] :
_b
دار الجديد ،
_c
1992
300
_a
48 ص
490
_a
999
_c
32249
_d
32249